000
00221nam a22000857a 4500
008
170622b xxu||||| |||| 00| 0 eng d
100
_9
3621
_a
Jerke. N
245
_a
Visual basis 6: complete
260
_a
New Delhi
_b
Tata M. C
_c
2009
999
_c
7011
_d
7011